000 00390nam a2200133Ia 4500
008 220217s9999||||xx |||||||||||||| ||und||
020 _a0-13-183872-5
082 _a004 WIE
100 _aWiener, Richard, S
_93257
245 0 _aObject oriented introduction to computer science using eiffe
260 _aPrentice hall
_bNew Jersey
_c1996
300 _b760
650 _aCOMPUTER SCIENCE
999 _c171266
_d171266